Recovery of Calcium Chloride and water from distiller blow off (DBO) of ICI soda Ash Industry (UG-CHE-2016) (Record no. 561089)
[ view plain ]
| 000 -LEADER | |
|---|---|
| fixed length control field | 00437nam a2200133Ia 4500 |
| 005 - DATE AND TIME OF LATEST TRANSACTION | |
| control field | 20210429153911.0 |
| 008 - FIXED-LENGTH DATA ELEMENTS--GENERAL INFORMATION | |
| fixed length control field | 210429s9999 xx 000 0 und d |
| 082 ## - DEWEY DECIMAL CLASSIFICATION NUMBER | |
| Classification number | 660 S1291R |
| 100 ## - MAIN ENTRY--PERSONAL NAME | |
| Personal name | Roa M. Junaid Sagheer, M. Yousuf Mehmood, Hira Usman |
| 9 (RLIN) | 55039 |
| 245 ## - TITLE STATEMENT | |
| Title | Recovery of Calcium Chloride and water from distiller blow off (DBO) of ICI soda Ash Industry (UG-CHE-2016) |
| 260 ## - PUBLICATION, DISTRIBUTION, ETC. | |
| Date of publication, distribution, etc. | 2016 |
| 300 ## - PHYSICAL DESCRIPTION | |
| Extent | 70p.30cm. |
| 942 ## - ADDED ENTRY ELEMENTS (KOHA) | |
| Source of classification or shelving scheme | |
| Koha item type | |
| Withdrawn status | Lost status | Damaged status | Not for loan | Permanent Location | Current Location | Date acquired | Total Checkouts | Full call number | Barcode | Date last seen | Price effective from | Koha item type |
|---|---|---|---|---|---|---|---|---|---|---|---|---|
| School of Chemical & Materials Engineering (SCME) | School of Chemical & Materials Engineering (SCME) | 01/16/9 | 660 S1291R | SCME- TH-324 | 04/29/2021 | 04/29/2021 |
